000 00388nam a22001337a 4500
005 20170926101252.0
008 170926b xxu||||| |||| 00| 0 eng d
040 _cPK-LaUMT
082 _aPKAC 297.082
_bTEA-
245 _aTeachings for women:
_btwenty lessons for Muslim women/
_cMuhammad Aashiq Elahi(Compiled)
260 _aKarachi:
_bDarul ishaat,
_c1997
300 _a95 p.
942 _cBK
999 _c98481
_d98481